000 00744nam a2200217 a 4500
001 40914
003 BD-RjUL
005 20211209053309.0
008 160512s1968 ii ||||| |||| 00| 0 ben d
035 _a(BD-RjUL)41030
040 _aBD-RjUL
_bben
_cBD-RjUL
041 _aben
082 _223
_a891.442
_bTAR 1968
100 _aঠাকুর, রবীন্দ্রনাথ
_9125934
245 _aরক্তকরবী /
_cরবীন্দ্রনাথ ঠাকুর
260 _aকলিকাতা :
_bবিশ্বভারতী,
_c১৯৬৮
300 _a১২২ পৃ. ;
_c২৩ সেমি.
650 _aবাংলা নাটক
_9125935
650 _aBengali Drama
_9125936
942 _2ddc
_cBK
999 _c40914
_d40914